| 000 | 00795nam a2200241 a 4500 | ||
|---|---|---|---|
| 001 | BRCA_4089 | ||
| 005 | 20190320204536.0 | ||
| 008 | 230210s1988----gw-a######---#000-0#ger-# | ||
| 041 | _ager | ||
| 044 | _agw | ||
| 050 | 4 |
_aNK999 _b.Z56 1988 |
|
| 100 | 1 |
_aZinnkann, Heidrun _910585 |
|
| 245 | 1 | 0 |
_aMeisterstücke Mainzer Möbel des 18. Jahrhunderts _cHeidrun Zinnkann. |
| 260 |
_aFrankfurt am Main _bMuseum für Kunsthandwerk Frankfurt am Main _c1988 |
||
| 300 |
_a154 p. _bil. _c29 cm. |
||
| 500 | _aIncluye datos biográficos, glosario y lista de nombres | ||
| 500 | _aEjemplar engargolado | ||
| 500 | _aPor política no se presta a domicilio | ||
| 650 | 1 | 4 |
_aArtes decorativas _zAlemania _910586 |
| 650 | 1 | 4 |
_aMuseo de artes decorativas _zAlemania _910587 |
| 902 | _aeng | ||
| 942 |
_2lcc _cB |
||
| 999 |
_c3811 _d3811 |
||